=LDR 00000nam 2200000 4500 =001 INLIS000000000061169 =005 20220830115137 =035 ##$$a 0010-0822000079 =007 ta =008 220830###########################0#ind## =020 ##$$a 978-602-98883-6-2 =082 ##$$a 899.221 3 =084 ##$$a 899.221 3 Ter s =100 #$$a Tere Liye =245 1#$$a Sunset & Rosil /$c Tere Liye =250 ##$$a Cet xxii =260 ##$$a Jakarta :$b Jagakarsa,$c 2018 =300 ##$$a 426 halaman ; $c 20 cm =650 #4$$a Fiksi Indonesia =990 ##$$a 21972197